000 00468nam a22001697a 4500
003 OSt
005 20260223110232.0
008 241128b |||||||| |||| 00| 0 eng d
020 _a9781911623168
040 _aSRHU
_bEnglish
_cSRHU
082 _223rd
_a616.89/122
245 _a The ECT handbook
_cFerrier Nicol .I& Waite, Jonathan
250 _a4th
260 _aU K
_bCambridge university Press
_c2024
300 _aix,277p
_c20cm
942 _2ddc
_cPSYCHIA
_e4th
999 _c19275
_d19275